| 000 | 005600000a22001810004500 | ||
|---|---|---|---|
| 003 | MACL | ||
| 005 | 20160317122304.0 | ||
| 008 | 160317b xxu||||| |||| 00| 0 eng d | ||
| 040 |
_aMACL _cMACL |
||
| 041 | _aHindi | ||
| 082 | _a954 | ||
| 100 |
_aपान्थरी प्रो. भगवतीप्रसाद _946846 |
||
| 245 | _aहर्षवर्द्धन-शीला दित्य | ||
| 260 |
_bजगत शख्ांघर _aबनारस |
||
| 350 | _a3.50 | ||
| 650 |
_aIndian History _9227 |
||
| 942 |
_cHIN _k954 _2ddc |
||
| 999 |
_c23318 _d23318 |
||